Statistics for Zoo Tycoon 2 Base Game animals (including bonus downloads)

Click here to take the quiz!

General Stats

  • This quiz has been taken 83 times
  • The average score is 9 of 35

Answer Stats

BiomeAnswer% Correct
SavannahLion
93%
TundraPolar Bear
69%
Tropical RainforestChimpanzee
63%
SavannahCheetah
49%
Tropical RainforestJaguar
48%
Temperate ForestGiant Panda
43%
Boreal ForestGrizzly Bear
39%
Boreal ForestMoose
36%
SavannahAfrican Elephant
33%
Tropical RainforestBengal Tiger
29%
ScrubAsian Elephant
24%
SavannahOstrich
23%
AlpineSnow Leopard
23%
WetlandsHippopotamus
20%
Temperate ForestRed Panda
20%
DesertDromedary Camel
19%
AlpineIbex
19%
SavannahBlack Rhinoceros
17%
TundraEmperor Penguin
17%
WetlandsNile Crocodile
16%
Tropical RainforestOkapi
16%
Tropical RainforestMountain Gorilla
15%
TundraMuskox
15%
ScrubRed Kangaroo
15%
WetlandsAmerican Beaver
13%
ScrubGemsbok
13%
SavannahReticulated Giraffe
13%
WetlandsGreater Flamingo
12%
SavannahThomson's Gazelle
11%
SavannahCommon Zebra
9%
Tropical RainforestBlack Leopard
8%
Temperate ForestCommon Peafowl
8%
DesertAddax
7%
Tropical RainforestRing-tailed Lemur
7%
Temperate ForestAsiatic Black Bear
4%

Score Distribution

Percentile by Number Answered

Percent of People with Each Score

Your Score History

You have not taken this quiz